| 000 | 00538nam a22001697a 4500 | ||
|---|---|---|---|
| 999 |
_c8687 _d8687 |
||
| 008 | 201210b ||||| |||| 00| 0 eng d | ||
| 040 | _aBMS College of Architecture | ||
| 100 | _aVellanki, Abhishek | ||
| 245 | _aUrban farming complex | ||
| 300 | _a26p. | ||
| 500 | _a1BM11AT003 | ||
| 502 |
_8B,Arch _NBMS College of Architecture, Visvesvaraya Technological University (VTU) _aProject report _d2016 |
||
| 650 | _aSsy green Vertical farms | ||
| 700 |
_aDakshayini R Patil _eGuide |
||
| 700 |
_aB N Bindumadhava _eGuide |
||
| 942 |
_2ddc _cTHE |
||